[Event "IMSA Blitz Men 2019"]
[Site "Hengshui"]
[Date "2019.05.17"]
[Round "6.2"]
[White "Rapport, Richard"]
[Black "Yu, Yangyi"]
[Result "1-0"]
[WhiteElo "2736"]
[BlackElo "2739"]
[Annotator "RC"]
[PlyCount "93"]
[EventDate "2019.05.17"]
[EventType "blitz"]
[EventCountry "CHN"]
[SourceTitle "playchess.com"]
[Source "ChessBase"]
[SourceQuality "1"]
[TimeControl "180+2"]

1. b3 {[%emt 0:00:00]} Nf6 {[%emt 0:00:01]} 2. Bb2 {[%emt 0:00:00]} b6 {[%emt 0:00:00]} 3. e3 {[%emt 0:00:03]} Bb7 {[%emt 0:00:01]} 4. d4 {[%emt 0:00:03]} e6 {[%emt 0:00:08]} 5. Nf3 {[%emt 0:00:02]} d5 {[%emt 0:00:01]} 6. Bd3 {[%emt 0:00:03]} Be7 {[%emt 0:00:03]} 7. O-O {[%emt 0:00:04]} O-O {[%emt 0:00:02]} 8. c4 {[%emt 0:00:01]} dxc4 {[%emt 0:00:05]} 9. Bxc4 {[%emt 0:00:04]} Nbd7 {[%emt 0:00:09]} 10. Qe2 {[%emt 0:00:05]} c5 {[%emt 0:00:02]} 11. Rd1 {[%emt 0:00:04]} Qb8 {[%emt 0:00:08]} 12. Nc3 {[%emt 0:00:03]} cxd4 {[%emt 0:00:05]} 13. Rxd4 {[%emt 0:00:02]} a6 {[%emt 0:00:09]} 14. Rad1 {[%emt 0:00:04]} Qc7 {[%emt 0:00:09]} 15. Bd3 {[%emt 0:00:07]} Nc5 {[%emt 0:00:05]} 16. Bb1 {[%emt 0:00:04]} Rad8 {[%emt 0:00:01]} 17. h3 {[%emt 0:00:17]} b5 {[%emt 0:00:06]} 18. b4 {[%emt 0:00:13]} Rxd4 {[%emt 0:00:06]} 19. Rxd4 {[%emt 0:00:01]} Ncd7 {[%emt 0:00:02]} 20. a4 {[%emt 0:00:02]} bxa4 {[%emt 0:00:11]} 21. Nxa4 {[%emt 0:00:02]} h6 {[%emt 0:00:06]} 22. Rc4 {[%emt 0:00:12]} Qb8 {[%emt 0:00:13]} 23. e4 {[%emt 0:00:20]} Rc8 {[%emt 0:00:05]} 24. Bc3 {[%emt 0:00:07]} Bc6 {[%emt 0:00:13]} 25. Nb2 {[%emt 0:00:10]} Nb6 {[%emt 0:00:23]} 26. Be5 {[%emt 0:00:14]} Qb7 {[%emt 0:00:07]} 27. Rd4 {[%emt 0:00:01]} Nbd7 {[%emt 0:00:07]} 28. Bg3 {[%emt 0:00:17]} Bxb4 {[%emt 0:00:06]} 29. e5 {[%emt 0:00:32]} Bc3 {[%emt 0:00:29]} 30. exf6 {[%emt 0:00:02]} Qxb2 {[%emt 0:00:13]} 31. Qd3 {[%emt 0:00:17]} Nxf6 {[%emt 0:00:03]} 32. Rc4 {[%emt 0:00:07]} Rb8 {[%emt 0:00:10]} 33. Bxb8 {[%emt 0:00:05]} Be4 {[%emt 0:00:09]} 34. Rxe4 {[%emt 0:00:07]} Qxb8 {[%emt 0:00:06]} 35. Qxc3 {[%emt 0:00:04]} Qxb1+ {[%emt 0:00:01]} 36. Re1 {[%emt 0:00:00]} Qb6 {[%emt 0:00:02]} 37. Qc8+ {[%emt 0:00:02]} Kh7 {[%emt 0:00:01]} 38. Qc2+ {[%emt 0:00:01]} Kg8 39. Ra1 g6 {[%emt 0:00:05]} 40. Qa2 {[%emt 0:00:01]} Ne4 {[%emt 0:00:01]} 41. Qe2 {[%emt 0:00:02]} Nc5 {[%emt 0:00:04]} 42. Qe3 {[%emt 0:00:02]} Qb2 {[%emt 0:00:02]} 43. Qd4 {[%emt 0:00:02]} Qc2 {[%emt 0:00:02]} 44. Qd1 Qb2 {[%emt 0:00:02]} 45. Rb1 {[%emt 0:00:04]} Qc3 {[%emt 0:00:02]} 46. Rb8+ {[%emt 0:00:02]} Kg7 {[%emt 0:00:00]} 47. Qd4+ {[%emt 0:00:01]} 1-0

[Event "IMSA Blitz Men 2019"]
[Site "Hengshui"]
[Date "2019.05.17"]
[Round "6.2"]
[White "Wang, Hao"]
[Black "Le, Quang Liem"]
[Result "1-0"]
[WhiteElo "2735"]
[BlackElo "2704"]
[Annotator "RC"]
[PlyCount "80"]
[EventDate "2019.05.17"]
[EventType "blitz"]
[EventCountry "CHN"]
[SourceTitle "playchess.com"]
[Source "ChessBase"]
[SourceQuality "1"]
[TimeControl "180+2"]

1. e4 {[%emt 0:00:00]} c5 {[%emt 0:00:00]} 2. Nf3 {[%emt 0:00:01]} Nc6 {[%emt 0:00:00]} 3. Bb5 {[%emt 0:00:01]} g6 {[%emt 0:00:01]} 4. Bxc6 {[%emt 0:00:02]} dxc6 {[%emt 0:00:01]} 5. d3 {[%emt 0:00:01]} Bg7 {[%emt 0:00:01]} 6. h3 {[%emt 0:00:01]} e5 {[%emt 0:00:01]} 7. a3 {[%emt 0:00:04]} Qe7 {[%emt 0:00:17]} 8. O-O {[%emt 0:00:04]} Nf6 {[%emt 0:00:02]} 9. b4 {[%emt 0:00:05]} O-O {[%emt 0:00:05]} 10. bxc5 {[%emt 0:00:02]} Qxc5 {[%emt 0:00:03]} 11. a4 {[%emt 0:00:03]} Re8 {[%emt 0:00:06]} 12. Be3 {[%emt 0:00:15]} Qe7 {[%emt 0:00:03]} 13. Nbd2 {[%emt 0:00:03]} c5 {[%emt 0:00:09]} 14. a5 {[%emt 0:00:05]} Bd7 {[%emt 0:00:28]} 15. Nc4 {[%emt 0:00:18]} Nh5 {[%emt 0:00:04]} 16. Nfd2 {[%emt 0:00:37]} Rac8 {[%emt 0:00:20]} 17. Rb1 {[%emt 0:00:18]} Rc7 {[%emt 0:00:08]} 18. Re1 {[%emt 0:00:07]} Qf6 {[%emt 0:00:22]} 19. Qf3 {[%emt 0:00:03]} Nf4 {[%emt 0:00:20]} 20. Bxf4 {[%emt 0:00:05]} Qxf4 {[%emt 0:00:02]} 21. Qxf4 {[%emt 0:00:08]} exf4 {[%emt 0:00:01]} 22. e5 {[%emt 0:00:01]} Bc6 {[%emt 0:00:04]} 23. Ne4 {[%emt 0:00:08]} Bd5 {[%emt 0:00:11]} 24. Nf6+ {[%emt 0:00:21]} Bxf6 {[%emt 0:00:03]} 25. exf6 {[%emt 0:00:01]} Kf8 {[%emt 0:00:06]} 26. Nd6 {[%emt 0:00:05]} Rd8 {[%emt 0:00:11]} 27. Nb5 {[%emt 0:00:04]} Rcd7 {[%emt 0:00:17]} 28. Nxa7 {[%emt 0:00:04]} Ra8 {[%emt 0:00:01]} 29. Nb5 {[%emt 0:00:18]} Rxa5 {[%emt 0:00:06]} 30. Ra1 {[%emt 0:00:08]} Rxa1 {[%emt 0:00:16]} 31. Rxa1 {[%emt 0:00:01]} Rd8 {[%emt 0:00:01]} 32. Nc3 {[%emt 0:00:01]} Bc6 {[%emt 0:00:03]} 33. Ra5 {[%emt 0:00:07]} c4 {[%emt 0:00:01]} 34. dxc4 {[%emt 0:00:03]} h6 {[%emt 0:00:03]} 35. h4 {[%emt 0:00:03]} Kg8 {[%emt 0:00:07]} 36. Nd5 {[%emt 0:00:07]} Kh7 {[%emt 0:00:03]} 37. f3 {[%emt 0:00:02]} Rd6 {[%emt 0:00:03]} 38. Kf2 {[%emt 0:00:03]} g5 {[%emt 0:00:00]} 39. h5 {[%emt 0:00:03]} b5 {[%emt 0:00:05]} 40. Ra6 {[%emt 0:00:02]} bxc4 1-0

[Event "IMSA Blitz Men 2019"]
[Site "Hengshui"]
[Date "2019.05.17"]
[Round "6.2"]
[White "Bu, Xiangzhi"]
[Black "Andreikin, Dmitry"]
[Result "1/2-1/2"]
[WhiteElo "2729"]
[BlackElo "2722"]
[Annotator "RC"]
[PlyCount "108"]
[EventDate "2019.05.17"]
[EventType "blitz"]
[EventCountry "CHN"]
[SourceTitle "playchess.com"]
[Source "ChessBase"]
[SourceQuality "1"]
[TimeControl "180+2"]

1. Nf3 {[%emt 0:00:00]} Nf6 {[%emt 0:00:00]} 2. c4 {[%emt 0:00:00]} e6 {[%emt 0:00:01]} 3. Nc3 {[%emt 0:00:02]} Bb4 {[%emt 0:00:04]} 4. Qc2 {[%emt 0:00:01]} c5 {[%emt 0:00:07]} 5. a3 {[%emt 0:00:01]} Ba5 {[%emt 0:00:01]} 6. e3 {[%emt 0:00:02]} O-O {[%emt 0:00:04]} 7. Be2 {[%emt 0:00:01]} Nc6 {[%emt 0:00:03]} 8. O-O {[%emt 0:00:02]} Bc7 {[%emt 0:00:09]} 9. Rd1 {[%emt 0:00:09]} h6 {[%emt 0:00:25]} 10. h3 {[%emt 0:00:08]} d5 {[%emt 0:00:06]} 11. cxd5 {[%emt 0:00:03]} exd5 {[%emt 0:00:08]} 12. d4 {[%emt 0:00:02]} c4 {[%emt 0:00:11]} 13. e4 {[%emt 0:00:27]} dxe4 {[%emt 0:00:07]} 14. Nxe4 {[%emt 0:00:02]} Nxe4 {[%emt 0:00:12]} 15. Qxe4 {[%emt 0:00:01]} Re8 {[%emt 0:00:01]} 16. Qc2 {[%emt 0:00:02]} Na5 {[%emt 0:00:07]} 17. Bxc4 {[%emt 0:00:23]} Nxc4 {[%emt 0:00:07]} 18. Qxc4 {[%emt 0:00:01]} Bf5 {[%emt 0:00:10]} 19. Be3 {[%emt 0:00:45]} Rc8 {[%emt 0:00:12]} 20. Qb5 {[%emt 0:00:06]} Be4 {[%emt 0:00:02]} 21. Ne5 {[%emt 0:00:08]} a6 {[%emt 0:00:20]} 22. Qb4 {[%emt 0:00:22]} Qd5 {[%emt 0:00:05]} 23. f3 {[%emt 0:00:07]} Bxf3 {[%emt 0:00:23]} 24. gxf3 {[%emt 0:00:26]} f6 {[%emt 0:00:01]} 25. Qc5 {[%emt 0:00:25]} Qxc5 {[%emt 0:00:11]} 26. dxc5 {[%emt 0:00:01]} Bxe5 {[%emt 0:00:02]} 27. Rab1 {[%emt 0:00:04]} Bxb2 {[%emt 0:00:05]} 28. Kf2 {[%emt 0:00:01]} Bxa3 {[%emt 0:00:03]} 29. Rd5 {[%emt 0:00:01]} Re5 {[%emt 0:00:11]} 30. Rxe5 {[%emt 0:00:03]} fxe5 {[%emt 0:00:01]} 31. Rxb7 {[%emt 0:00:02]} Bxc5 {[%emt 0:00:02]} 32. Bxc5 {[%emt 0:00:02]} Rxc5 {[%emt 0:00:01]} 33. Ra7 {[%emt 0:00:00]} a5 {[%emt 0:00:03]} 34. Ke3 {[%emt 0:00:01]} Kh7 {[%emt 0:00:02]} 35. Ra6 {[%emt 0:00:01]} h5 {[%emt 0:00:05]} 36. h4 {[%emt 0:00:06]} g6 {[%emt 0:00:03]} 37. Ra7+ {[%emt 0:00:02]} Kh6 {[%emt 0:00:02]} 38. Ra6 {[%emt 0:00:00]} Rb5 {[%emt 0:00:02]} 39. Ke4 {[%emt 0:00:02]} Rb4+ {[%emt 0:00:02]} 40. Kxe5 {[%emt 0:00:01]} Rxh4 {[%emt 0:00:05]} 41. f4 {[%emt 0:00:02]} Rh1 {[%emt 0:00:08]} 42. Rxa5 {[%emt 0:00:03]} Re1+ {[%emt 0:00:05]} 43. Kd4 {[%emt 0:00:01]} h4 {[%emt 0:00:03]} 44. Rg5 {[%emt 0:00:04]} Re2 {[%emt 0:00:01]} 45. Kd3 {[%emt 0:00:01]} Re6 {[%emt 0:00:02]} 46. Rg4 {[%emt 0:00:01]} Kh5 47. Rg5+ Kh6 48. Rg4 Kg7 {[%emt 0:00:06]} 49. Rxh4 {[%emt 0:00:02]} Kf6 {[%emt 0:00:01]} 50. Rh8 {[%emt 0:00:04]} Kf5 {[%emt 0:00:02]} 51. Rf8+ {[%emt 0:00:01]} Rf6 {[%emt 0:00:01]} 52. Rxf6+ {[%emt 0:00:01]} Kxf6 {[%emt 0:00:01]} 53. Ke4 {[%emt 0:00:00]} g5 {[%emt 0:00:01]} 54. fxg5+ {[%emt 0:00:01]} Kxg5 1/2-1/2

[Event "IMSA Blitz Men 2019"]
[Site "Hengshui"]
[Date "2019.05.17"]
[Round "6.2"]
[White "Vidit, Santosh Gujrathi"]
[Black "Leko, Peter"]
[Result "1/2-1/2"]
[WhiteElo "2707"]
[BlackElo "2674"]
[Annotator "RC"]
[PlyCount "98"]
[EventDate "2019.05.17"]
[EventType "blitz"]
[EventCountry "CHN"]
[SourceTitle "playchess.com"]
[Source "ChessBase"]
[SourceQuality "1"]
[TimeControl "180+2"]

1. d4 {[%emt 0:00:00]} Nf6 {[%emt 0:00:00]} 2. c4 {[%emt 0:00:00]} e6 {[%emt 0:00:00]} 3. Nf3 {[%emt 0:00:02]} d5 {[%emt 0:00:01]} 4. Nc3 {[%emt 0:00:01]} c5 {[%emt 0:00:01]} 5. cxd5 {[%emt 0:00:03]} Nxd5 {[%emt 0:00:01]} 6. e4 {[%emt 0:00:02]} Nxc3 {[%emt 0:00:01]} 7. bxc3 {[%emt 0:00:01]} cxd4 {[%emt 0:00:01]} 8. cxd4 {[%emt 0:00:02]} Bb4+ {[%emt 0:00:01]} 9. Bd2 {[%emt 0:00:01]} Bxd2+ {[%emt 0:00:01]} 10. Qxd2 {[%emt 0:00:01]} O-O {[%emt 0:00:01]} 11. Bc4 {[%emt 0:00:13]} Nd7 {[%emt 0:00:01]} 12. O-O {[%emt 0:00:03]} b6 {[%emt 0:00:02]} 13. Rfe1 {[%emt 0:00:04]} Bb7 {[%emt 0:00:02]} 14. Rad1 {[%emt 0:00:01]} Rc8 {[%emt 0:00:01]} 15. Bb3 {[%emt 0:00:01]} h6 {[%emt 0:00:05]} 16. h3 {[%emt 0:00:05]} Nf6 {[%emt 0:00:09]} 17. Qf4 {[%emt 0:00:07]} Qc7 {[%emt 0:00:12]} 18. Ne5 {[%emt 0:00:17]} Qd6 {[%emt 0:00:56]} 19. Rd3 {[%emt 0:00:17]} Rc7 {[%emt 0:00:28]} 20. f3 {[%emt 0:00:35]} Nd7 {[%emt 0:00:11]} 21. Ng6 {[%emt 0:00:04]} Qxf4 {[%emt 0:00:03]} 22. Nxf4 {[%emt 0:00:01]} Re8 {[%emt 0:00:05]} 23. Ba4 {[%emt 0:00:12]} Rd8 {[%emt 0:00:05]} 24. Red1 {[%emt 0:00:07]} Nb8 {[%emt 0:00:12]} 25. d5 {[%emt 0:00:20]} exd5 {[%emt 0:00:06]} 26. Nxd5 {[%emt 0:00:02]} Bxd5 {[%emt 0:00:02]} 27. Rxd5 {[%emt 0:00:03]} Rxd5 {[%emt 0:00:03]} 28. Rxd5 {[%emt 0:00:01]} Na6 {[%emt 0:00:08]} 29. Rd8+ {[%emt 0:00:12]} Kh7 {[%emt 0:00:01]} 30. Bb3 {[%emt 0:00:02]} Nc5 {[%emt 0:00:04]} 31. Bd5 {[%emt 0:00:11]} g5 {[%emt 0:00:05]} 32. Kh2 {[%emt 0:00:05]} Kg7 {[%emt 0:00:02]} 33. Kg3 {[%emt 0:00:06]} Rd7 {[%emt 0:00:17]} 34. Rc8 {[%emt 0:00:29]} Nd3 {[%emt 0:00:03]} 35. h4 {[%emt 0:00:07]} Nf4 {[%emt 0:00:02]} 36. hxg5 {[%emt 0:00:01]} hxg5 {[%emt 0:00:01]} 37. Bb3 {[%emt 0:00:04]} Rd2 {[%emt 0:00:05]} 38. Rc2 {[%emt 0:00:02]} Rxc2 {[%emt 0:00:12]} 39. Bxc2 {[%emt 0:00:00]} Kf6 {[%emt 0:00:02]} 40. Kf2 {[%emt 0:00:04]} Ke5 {[%emt 0:00:03]} 41. g3 {[%emt 0:00:01]} Ne6 {[%emt 0:00:02]} 42. Ke3 {[%emt 0:00:01]} f6 {[%emt 0:00:11]} 43. Bb3 {[%emt 0:00:03]} Nc5 {[%emt 0:00:07]} 44. f4+ {[%emt 0:00:02]} gxf4+ {[%emt 0:00:01]} 45. gxf4+ {[%emt 0:00:00]} Kd6 {[%emt 0:00:01]} 46. Bc2 {[%emt 0:00:04]} Ne6 {[%emt 0:00:02]} 47. Bb3 {[%emt 0:00:01]} Nc5 {[%emt 0:00:00]} 48. Bc2 {[%emt 0:00:01]} Ne6 {[%emt 0:00:01]} 49. Bb3 {[%emt 0:00:01]} Nc5 1/2-1/2

[Event "IMSA Blitz Men 2019"]
[Site "Hengshui"]
[Date "2019.05.17"]
[Round "6.2"]
[White "Korobov, Anton"]
[Black "Gelfand, Boris"]
[Result "1/2-1/2"]
[WhiteElo "2687"]
[BlackElo "2676"]
[Annotator "TA"]
[PlyCount "98"]
[EventDate "2019.05.17"]
[EventType "blitz"]
[EventCountry "CHN"]
[SourceTitle "playchess.com"]
[Source "ChessBase"]
[SourceQuality "1"]

{[%evp 25,98,-10,0,0,31,31,18,-50,-37,-35,-26,-39,-46,-18,7,-84,-62,-126,-120,-114,-68,-76,-27,-39,0,-14,0,-77,0,0,-8,-2,0,0,0,0,0,0,0,0,0,0,0,0,0,0,0,0,0,0,0,0,0,0,0,0,0,0,0,-6,0,0,0,0,0,0,0,0,0,0,0,0,0,0,0]} 1. d4 Nf6 2. c4 e6 3. Nc3 Bb4 4. e3 O-O 5. Bd3 c5 6. Nf3 d5 7. O-O dxc4 8. Bxc4 cxd4 9. exd4 b6 10. Bg5 Bb7 11. Re1 Nbd7 12. Rc1 Rc8 13. Bd3 Be7 14. Qe2 {E54: Nimzo-Indian: Rubinstein: Main Line: 7...dxc4 8 Bxc4} (14. Bb1 Re8 15. Qd3 g6 16. h4 a6 17. a3 b5 18. Ba2 Nb6 19. Ne5 Nfd5 20. Nxd5 Bxd5 {½-½ (20) Lenic,L (2653)-Lupulescu,C (2630) Germany 2014}) 14... Nd5 15. Qe4 {[%csl Gd3][%cal Re4h7] [#]} g6 16. Qh4 (16. Bh6 $11) 16... Bxg5 $15 17. Nxg5 {[%csl Gg5][%cal Rh4h7]} N7f6 18. Qh6 Nxc3 19. bxc3 Qd6 20. h3 $146 (20. Re3 $11 {remains equal.} Qf4 21. Be2) ({Predecessor:} 20. Be4 Bxe4 21. Rxe4 Rfd8 {½-½ (52) Quednau,H-Schumacher,B DDR 1987}) 20... Rfe8 21. Re5 ({White should play} 21. Be4 $15 Bd5 22. Qh4) 21... Qf8 $17 22. Qh4 h6 23. Nf3 Nd7 {[#] White must now prevent ...Bxf3.} 24. Re3 $1 Kg7 25. Bb5 Bc6 26. Ba6 (26. Bxc6 $11 Rxc6 27. c4) 26... Rcd8 (26... Qa3 $17 27. Bxc8 Qxc1+ 28. Re1 Qxc3) 27. c4 $11 {The position is equal.} Bxf3 28. Rxf3 Qe7 29. Qg3 Qg5 30. Qxg5 hxg5 31. c5 {Threatens to win with c6.} Nb8 32. Bb5 Re7 $1 33. cxb6 axb6 34. Rc4 Ra7 35. a4 Nd7 36. Rc6 {With the idea Rd6.} Rb8 37. Rfc3 Nf6 38. Rc7 Rbb7 (38... Rxc7 {with more complications.} 39. Rxc7 Nd5 40. Rc6 Kf6 41. g3 Ne7) 39. Rxb7 Rxb7 {[%mdl 4096] Endgame KRB-KRN} 40. Rc6 Nd5 41. g3 Ne7 42. Rc1 Ra7 43. Kg2 Kf6 44. Kf3 Nd5 45. Rc6 Ke7 46. Kg4 Kf6 47. Kf3 Ke7 48. Kg4 Kf6 49. Kf3 Ke7 {Accuracy: White = 73%, Black = 69%.} 1/2-1/2

[Event "IMSA Blitz Men 2019"]
[Site "Hengshui"]
[Date "2019.05.17"]
[Round "6.2"]
[White "Ponomariov, Ruslan"]
[Black "Fedoseev, Vladimir"]
[Result "0-1"]
[WhiteElo "2675"]
[BlackElo "2683"]
[Annotator "RC"]
[PlyCount "64"]
[EventDate "2019.05.17"]
[EventType "blitz"]
[EventCountry "CHN"]
[SourceTitle "playchess.com"]
[Source "ChessBase"]
[SourceQuality "1"]
[TimeControl "180+2"]

1. e4 {[%emt 0:00:00]} c5 {[%emt 0:00:00]} 2. Nf3 {[%emt 0:00:00]} d6 {[%emt 0:00:00]} 3. d4 {[%emt 0:00:00]} cxd4 {[%emt 0:00:01]} 4. Nxd4 {[%emt 0:00:01]} Nf6 {[%emt 0:00:01]} 5. Nc3 a6 6. h3 {[%emt 0:00:02]} b5 {[%emt 0:00:04]} 7. a4 {[%emt 0:00:12]} b4 {[%emt 0:00:13]} 8. Nd5 {[%emt 0:00:01]} e6 {[%emt 0:00:02]} 9. Nxf6+ {[%emt 0:00:15]} Qxf6 {[%emt 0:00:02]} 10. g3 {[%emt 0:00:21]} e5 {[%emt 0:00:23]} 11. Nb3 {[%emt 0:00:06]} Be6 {[%emt 0:00:05]} 12. Bg2 {[%emt 0:00:05]} Nc6 {[%emt 0:00:04]} 13. O-O {[%emt 0:00:04]} Qd8 {[%emt 0:00:01]} 14. Be3 {[%emt 0:00:27]} Be7 {[%emt 0:00:01]} 15. f4 {[%emt 0:00:03]} O-O {[%emt 0:00:06]} 16. Rf2 {[%emt 0:00:15]} f6 {[%emt 0:00:14]} 17. Rd2 {[%emt 0:00:15]} Qc7 {[%emt 0:00:05]} 18. Qe2 {[%emt 0:00:11]} Na5 {[%emt 0:00:20]} 19. Nxa5 {[%emt 0:00:03]} Qxa5 {[%emt 0:00:01]} 20. Qf2 {[%emt 0:00:08]} Rab8 {[%emt 0:00:11]} 21. f5 {[%emt 0:00:07]} Bf7 {[%emt 0:00:01]} 22. g4 {[%emt 0:00:01]} b3 {[%emt 0:00:05]} 23. c3 {[%emt 0:00:02]} Rfc8 {[%emt 0:00:02]} 24. Bf1 {[%emt 0:00:06]} d5 {[%emt 0:00:17]} 25. exd5 {[%emt 0:00:06]} Bxd5 {[%emt 0:00:01]} 26. Rad1 {[%emt 0:00:07]} Bc6 {[%emt 0:00:08]} 27. Bc4+ {[%emt 0:00:05]} Kh8 {[%emt 0:00:01]} 28. Be6 {[%emt 0:00:08]} Rd8 {[%emt 0:00:07]} 29. Rxd8+ {[%emt 0:00:09]} Rxd8 {[%emt 0:00:03]} 30. Rxd8+ {[%emt 0:00:07]} Qxd8 {[%emt 0:00:02]} 31. Bxb3 {[%emt 0:00:02]} Qd3 {[%emt 0:00:02]} 32. Bc5 {[%emt 0:00:30]} Qxh3 {[%emt 0:00:06]} 0-1